| 000 | 00671nam a2200217 a 4500 | ||
|---|---|---|---|
| 005 | 20240911063955.0 | ||
| 008 | 010601s1997 mx r 000 0 spa d | ||
| 020 | _a4894440407 | ||
| 035 | _aUPN01000107306 | ||
| 049 | _aCG | ||
| 050 | 4 |
_aNC1000 _bO6.4 |
|
| 245 | 0 | 0 |
_aOne & two color graphics / _cdesigner Douglas Gordon ; ed. Tomoe Nakazawa. |
| 260 |
_aTokyo, Japón : _bP.I.E. Books, _c1997. |
||
| 300 |
_a216 p. : _bprincipalmente ils. col. |
||
| 650 | 4 |
_aArte comercial _92449 |
|
| 650 | 4 |
_aARTES GRAFICAS - _xTECNICA _92760 |
|
| 650 | 4 |
_aCOLOR EN LA PROPAGANDA COMERCIAL _910569 |
|
| 700 | 1 | _aGordon, Douglas | |
| 700 | 1 |
_aNakazawa, Tomoe, _eed. |
|
| 905 | _aLibro | ||
| 999 |
_c81218 _d81218 |
||